Loading...
| Current Events | 1 | 20.00 | 100% | 100% | 0% |
| Fine Arts - Classical Music | 3 | 3.33 | 33% | 0% | 0% |
| Fine Arts - Other | 4 | 7.50 | 75% | 0% | 0% |
| Fine Arts - Painting and Sculpture | 4 | 7.50 | 50% | 25% | 0% |
| History - American | 4 | 15.00 | 100% | 50% | 0% |
| History - European | 5 | 18.00 | 100% | 60% | 20% |
| History - Other | 4 | 15.00 | 100% | 50% | 0% |
| History - World | 4 | 15.00 | 100% | 25% | 25% |
| Literature - American | 2 | 10.00 | 50% | 0% | 50% |
| Literature - British | 1 | 0.00 | 0% | 0% | 0% |
| Literature - European | 3 | 6.67 | 67% | 0% | 0% |
| Literature - World | 1 | 0.00 | 0% | 0% | 0% |
| Mythology | 1 | 10.00 | 100% | 0% | 0% |
| Other Academic | 1 | 10.00 | 100% | 0% | 0% |
| Philosophy | 3 | 16.67 | 100% | 67% | 0% |
| Pop Culture | 2 | 5.00 | 50% | 0% | 0% |
| Religion | 5 | 14.00 | 100% | 20% | 20% |
| Science - Biology | 4 | 5.00 | 50% | 0% | 0% |
| Science - Chemistry | 4 | 5.00 | 50% | 0% | 0% |
| Science - Other | 2 | 15.00 | 100% | 50% | 0% |
| Science - Physics | 3 | 13.33 | 100% | 33% | 0% |
| Social Science | 4 | 5.00 | 50% | 0% | 0% |